000 00458nam a22001937a 4500
003 LK-CoDNM
005 20250117115823.0
008 250110b |||||||| |||| 00| 0 eng d
040 _aLK-CoDNM
_dLK-CoDNM
_eLK-CoDNM
041 _aeng
080 _a11
_bM1
245 _aDEPARMENT OF AGRICUTURE CEYLON NO 30
260 _c1917-1921
300 _a35P. : ill ; 25 cm
490 _vVOLL 2
650 _aScience
700 _aBamber,MK
942 _cBK
999 _c236711
_d236711